000 00633nam a2200193Ia 4500
005 20240718141800.0
008 130821s1977 xx gr spa
040 _aCo-BoUCM
_bspa
_cSandra Yazo (modificó)
_dSandra Yazo (modificó)
041 _aspa
082 _a951.9
_bM17
100 _aMatsumoto, M.
_9116545
245 _aViaje a Corea
_cM. Matsumoto
260 _aCorea
_bEdiciones en Lenguas Extranjeras
_c1977
300 _a319 páginas
650 0 4 _aDescripciones y viajes
_97508
651 _aCorea
_926610
651 _aCorea
_xDescripciones y viajes
_926610
942 _cLIBRO
_a21
_e1
_mM17
_2DEWEY
_h951.9
999 _c16301
_d16301